UM Logo

A generation later: (Record no. 3284)

MARC details
000 -LEADER
fixed length control field 00700nam a22001817a 4500
008 - FIXED-LENGTH DATA ELEMENTS--GENERAL INFORMATION
fixed length control field 160707b xxu||||| |||| 00| 0 eng d
020 ## - INTERNATIONAL STANDARD BOOK NUMBER
International Standard Book Number 9715503462
082 ## - DEWEY DECIMAL CLASSIFICATION NUMBER
Edition number 2000
Classification number DFil 307.72
Item number Ed1
100 ## - MAIN ENTRY--PERSONAL NAME
9 (RLIN) 10952
Personal name Eder, James F.
245 ## - TITLE STATEMENT
Title A generation later:
Remainder of title household strategies and economic change in the rural Philippines/
Statement of responsibility, etc. James F. Eder
260 ## - PUBLICATION, DISTRIBUTION, ETC. (IMPRINT)
Place of publication, distribution, etc. Quezon City:
Name of publisher, distributor, etc. ADDMU Press,
Date of publication, distribution, etc. c2000.
300 ## - PHYSICAL DESCRIPTION
Extent vii, 191 pages:
Dimensions 23.5 cm.
500 ## - GENERAL NOTE
General note Includes references and index.
650 #0 - SUBJECT ADDED ENTRY--TOPICAL TERM
9 (RLIN) 10956
Topical term or geographic name as entry element Rural development
General subdivision Sociological aspects
Geographic subdivision San Jose, Palawan
650 #0 - SUBJECT ADDED ENTRY--TOPICAL TERM
9 (RLIN) 10958
Topical term or geographic name as entry element Social conditions
Geographic subdivision San Jose, Palawan
650 #0 - SUBJECT ADDED ENTRY--TOPICAL TERM
9 (RLIN) 10959
Topical term or geographic name as entry element Economic conditions
Geographic subdivision San Jose, Palawan
942 ## - ADDED ENTRY ELEMENTS (KOHA)
Source of classification or shelving scheme Dewey Decimal Classification
Koha item type Filipiniana
Holdings
Withdrawn status Lost status Source of classification or shelving scheme Damaged status Not for loan Collection code Home library Current library Date acquired Source of acquisition Total Checkouts Full call number Barcode Date last seen Copy number Cost, replacement price Price effective from Koha item type
    Dewey Decimal Classification     Filipiniana UM Digos College - LIC UM Digos College - LIC 11/30/2004 Purchased   DFil 307.72 Ed1 2000 16266 05/15/2025 1 275.00 07/07/2016 Filipiniana
    Dewey Decimal Classification     Filipiniana UM Digos College - LIC UM Digos College - LIC 11/30/2004 Purchased   DFil 307.72 Ed1 2000 17964 05/15/2025 2 275.00 07/07/2016 Filipiniana